00555nam a22001697a 450000500170000001000150001702000270003203500140005903700130007308200110008610000130009724501220011026000470023227000540027930000330033350000190036620170721124009.0 aENG-119272 a9788173055355c1800.00 aEN-102804 bDBAD/PUB a954.01 aLal,B.B. aThe Rigvedic people 'invaders' ? 'Immigrants' ?or Indigenous? :cbyB.B. Lalbevidence of archaeology and literature / aNew DelhibAryan Book Interrnationalc2015 aPooja Apartments 4BAnsari RoadbNew Delhie110002 axiii,382p. :c25cm(pbk)bill aIncludes Index